000 01328cam a2200265 4500
001 ABS64545
008 011009n2001 000 0 eng u
035 _a(Sirsi) u115056
100 _aCarmona, M.
245 _aWorking together: a guide for planners and housing providers
260 _c2001
490 _aPlanning (for the Natural and Built Environment)
_v5 October 2001, 24(1)
520 _a"Working Together" is a new report which looks at the motivations of, and relationship between, private housebuilders, RSLs and planners. The guide was commissioned by the RTPI, Housing Corporation, HBF, NHF and DTLR. Through the assembly of good practice examples the report demonstrates how the tensions inherent in housebuilding can be overcome. Outlines the five routes to better working relationships that are presented in the report. "Working Together: a guide for planners and housing providers", by Matthew Caromona, Sarah Carmona and Nick Gallent, can be obtained from Thomas Telford Publishing. Tel: 020 7665 2464.
590 _aABS
650 _aPLANNING
650 _aHOUSE BUILDING
650 _aPRIVATE HOUSEBUILDERS
650 _aRSLS
650 _aRELATIONSHIPS
650 _aIMPROVEMENTS
650 _aWORKING PRACTICES
650 _aREPORT
690 _aHOUSING-DEVELOPMENT
942 _n0
999 _c68533
_d68533